[Event "HCL-A087"]
[Site "www.playchess.de"]
[Date "2001.03.07"]
[Round "4"]
[White "Kasparovjr"]
[Black "calponas"]
[WhiteElo "1966"]
[BlackElo "1700"]
[PlyCount "50"]
[Result "0-1"]

1.e4 {Greetings from Norway.}  c6 {ciao}  2.d4 d5 
{Ciao :-)}  3.e5 Bf5 4.Nf3 e6 5.Be2 c5 6.O-O Nc6 
7.c3 cxd4 8.Nxd4 Nge7 9.Nxf5 Nxf5 10.Bd3 Be7 
11.Re1 d4 12.a3 dxc3 13.Nxc3 O-O {Hi   (:-))}  
14.Bxf5 exf5 15.Nd5 Bc5 16.Be3 Bd4 17.Qb3 Re8 
18.Rad1 Rxe5 19.Bxd4 Nxd4 20.Rxe5 {Nice move.}  
Nxb3 21.Ne7+ Kf8 22.Rxd8+ Rxd8 23.g3 Nd4 {ciao}  
24.Kg2 g6 25.h4 {Nicely played this is already 
over. I guess I underestimated your strength with 
my provocative play.}  Re8 {Ciao .} 
 0-1

[Event "HCL-B189"]
[Site "www.playchess.de"]
[Date "2001.03.07"]
[Round "6"]
[White "dakini"]
[Black "ggaarrii"]
[WhiteElo "1309"]
[BlackElo "1308"]
[PlyCount "46"]
[Result "0-1"]

1.d4 f5 2.Nc3 c6 3.e4 d5 {Straith in a head! :))}  
4.exf5 Bxf5 5.Bd3 Bxd3 6.Qxd3 Nf6 7.Nf3 Qd6 8.Bg5 
Nbd7 9.O-O O-O-O 10.g3 h6 11.Bf4 Qe6 12.Rfe1 Qf7 
13.Nxd5 Nxd5 14.c4 Nxf4 15.gxf4 Qxf4 16.Re4 Qf7 
17.Ne5 Nxe5 18.Rxe5 g5 19.Rae1 Rd7 20.a4 Bg7 
21.R5e6 Bxd4 22.Qg6 Qxf2+ 23.Kh1 
Qf3+ 0-1

[Event "HCL-B195"]
[Site "www.playchess.de"]
[Date "2001.03.07"]
[Round "12"]
[White "jefersonmello"]
[Black "Translightor"]
[WhiteElo "1500"]
[BlackElo "1428"]
[PlyCount "108"]
[Result "0-1"]

1.e4 c5 2.Nf3 e6 3.c4 Nc6 4.Nc3 d6 5.b3 Qc7 6.Bb2 
Nf6 7.Nb5 Qb8 8.Bxf6 gxf6 9.d4 a6 10.Nc3 cxd4 
11.Nxd4 Be7 12.Nxc6 bxc6 13.Qg4 f5 14.Qg7 Rf8 
15.exf5 exf5 16.Qxh7 Qb4 17.Qg7 Be6 18.Be2 Kd7 
19.O-O Rfg8 20.Qd4 Rg6 21.Na4 c5 22.Qd3 Kc7 23.a3 
Qb8 24.Bf3 Ra7 25.Rab1 Qh8 26.Rfe1 Bg5 27.Rbd1 Bf4 
28.g3 Be5 29.Rxe5 Qxe5 30.Bh5 Rh6 31.f4 Qd4+ 
32.Qxd4 cxd4 33.Be2 Rb7 34.b4 Rb8 35.Bf1 Rbh8 
36.Rd2 Bd7 37.Nb2 Bc6 38.Nd3 Be4 39.Ne1 Rg6 
40.Rxd4 Rgh6 41.Rd2 Kb6 42.Bd3 Re6 43.Ng2 Rg6 
44.Nh4 Rxh4 45.c5+ dxc5 46.bxc5+ Kxc5 47.Bxa6 Rxf4 
48.Be2 Bc6 49.Bh5 Rg7 50.Bxf7 {Sorry, but i have 
to work soon and come back april 13 when I will 
can play again or draw. Thanks}  Ra4 {Thanks for 
notifying me. You can continue the game whenever 
you want; you have enough time.}  51.Rc2+ { - )}  
Kb6 52.Be6 f4 53.g4 Rxa3 54.h4 
Rh3 0-1

[Event "HCL-B195"]
[Site "www.playchess.de"]
[Date "2001.03.07"]
[Round "15"]
[White "Hamburger"]
[Black "jefersonmello"]
[WhiteElo "1241"]
[BlackElo "1500"]
[PlyCount "43"]
[Result "1/2-1/2"]

1.d4 d5 2.c4 c6 3.Nf3 dxc4 4.e4 b5 5.a4 Nf6 6.e5 
Nd5 7.axb5 cxb5 8.b3 Nb6 9.bxc4 bxc4 10.Bxc4 Nxc4 
11.Qa4+ Qd7 12.Qxc4 a5 13.Bd2 e6 14.Rxa5 Rxa5 
15.Bxa5 Be7 16.Qc7 Bb4+ 17.Nbd2 Qxc7 18.Bxc7 Nc6 
19.Bb6 Ba6 20.Ng5 O-O 21.f4 f6 
22.exf6 1/2-1/2

[Event "HCL-C197"]
[Site "www.playchess.de"]
[Date "2001.03.07"]
[Round "10"]
[White "tiberiuskirk"]
[Black "Nikolic"]
[WhiteElo "1108"]
[BlackElo "1000"]
[PlyCount "28"]
[Result "1/2-1/2"]

1.e4 e5 2.Nf3 Nc6 3.Bc4 Nf6 4.d4 exd4 5.O-O h6 
6.Nxd4 Nxe4 7.Re1 d5 8.Bxd5 Qxd5 9.Nc3 Qc5 
10.Rxe4+ Be7 11.Be3 Nxd4 12.Rxd4 O-O 13.Rd8 Rxd8 
14.Qxd8+ Bxd8 1/2-1/2

[Event "HCL-B189"]
[Site "www.playchess.de"]
[Date "2001.03.07"]
[Round "17"]
[White "rockmountain"]
[Black "Bauernopfer"]
[WhiteElo "761"]
[BlackElo "1305"]
[PlyCount "54"]
[Result "0-1"]

1.e4 c5 2.Nc3 Nc6 3.Bc4 Nf6 4.d3 e6 5.Qf3 d6 6.Be3 
Qb6 7.O-O-O {be in hosiptal till 26th}  Be7 {good 
health to you}  8.h4 {ty}  O-O 9.Nh3 e5 10.Ng5 h6 
11.Nxf7 Rxf7 12.Bxf7+ Kxf7 13.Nd5 Qd8 {.}  14.h5 
Nb4 15.Nxf6 Bxf6 16.Kb1 Kg8 17.Qg3 Kh8 18.f4 exf4 
19.Bxf4 d5 20.c3 Nc6 21.exd5 Qxd5 22.Rhf1 Be6 
23.Bxh6 Qxa2+ 24.Kc1 Bb3 25.Kd2 Qxb2+ 26.Ke3 Re8+ 
27.Kf3 Qe2+ 0-1

[Event "HCL-B192"]
[Site "www.playchess.de"]
[Date "2001.03.07"]
[Round "29"]
[White "Dlastdon"]
[Black "rockmountain"]
[WhiteElo "1287"]
[BlackElo "761"]
[PlyCount "39"]
[Result "1-0"]

1.c4 c5 2.Nc3 Nf6 3.e4 Nc6 4.Nf3 e5 5.g3 Be7 6.Bg2 
O-O 7.O-O d6 8.Re1 a5 9.d3 a4 10.Nxa4 Bd7 11.b3 b6 
12.Nc3 Be6 13.Nd5 Bxd5 14.exd5 Nd4 15.Nxd4 exd4 
16.Qe2 Qd7 17.Qxe7 Qf5 18.Be4 Ng4 19.Bxf5 Rae8 
20.Qxe8 1-0

[Event "HCL-B192"]
[Site "www.playchess.de"]
[Date "2001.03.07"]
[Round "34"]
[White "toilet"]
[Black "Dlastdon"]
[WhiteElo "1881"]
[BlackElo "1287"]
[PlyCount "37"]
[Result "1-0"]

1.e4 c5 2.Nf3 Nc6 3.Bb5 d5 4.exd5 Qxd5 5.O-O Nf6 
6.Nc3 Qd8 7.Ne5 Qc7 8.Re1 g6 9.Qf3 Bg7 10.Nd5 Qd8 
11.Nxf6+ Bxf6 12.Nxc6 bxc6 13.Bxc6+ Bd7 14.Bxa8 
O-O 15.Bd5 e6 16.Bc4 Qc7 17.Qxf6 Rb8 18.d4 cxd4 
19.Bh6 1-0

[Event "HCL-B198"]
[Site "www.playchess.de"]
[Date "2001.03.07"]
[Round "5"]
[White "Mother_Teresa"]
[Black "Worf"]
[WhiteElo "1193"]
[BlackElo "1500"]
[PlyCount "60"]
[Result "0-1"]

1.e4 d5 2.exd5 Qxd5 3.Nc3 Qa5 4.Nf3 Nf6 5.Bc4 Bg4 
6.O-O e6 7.d3 c6 8.Bd2 Qh5 9.d4 Bd6 10.h3 Bxf3 
11.Qxf3 Qxf3 12.gxf3 Nbd7 13.Ne4 Bc7 14.Rfe1 O-O-O 
15.Bg5 h6 16.Bh4 g5 17.Bg3 Nxe4 18.Rxe4 Nf6 19.Re2 
Rxd4 20.b3 Nh5 21.Kg2 Rhd8 22.c3 R4d2 23.b4 Nf4+ 
24.Bxf4 Bxf4 25.Rae1 Rxe2 26.Rxe2 Bd2 27.a3 Bxc3 
28.Kg3 Kc7 29.Kg4 Rd4+ 30.Re4 f5+ 0-1

[Event "HCL-B199"]
[Site "www.playchess.de"]
[Date "2001.03.07"]
[Round "32"]
[White "urkizu"]
[Black "Bauernopfer"]
[WhiteElo "1300"]
[BlackElo "1325"]
[PlyCount "31"]
[Result "1-0"]

1.d4 d5 2.c4 dxc4 3.Nf3 Bg4 4.Ne5 Nf6 5.Nxg4 Nxg4 
6.e3 e6 7.Qxg4 Nc6 8.Bxc4 Bb4+ 9.Nc3 O-O 10.Bd2 a6 
11.a3 Bxc3 12.Bxc3 Ne7 13.d5 g6 14.dxe6 f5 15.Qf4 
b5 16.Qe5 1-0

[Event "HCL-B197"]
[Site "www.playchess.de"]
[Date "2001.03.07"]
[Round "16"]
[White "GMKingArs"]
[Black "jabbaman"]
[WhiteElo "1500"]
[BlackElo "1282"]
[PlyCount "54"]
[Result "0-1"]

1.e4 g6 {Hello from Victoria,British Columb}  2.d4 
Bg7 3.c4 d6 4.Nc3 {Hi!. I'm from Salvador-Bahia, 
Brasil.}  b6 {WOW! You're a long ways off!}  5.f3 
c5 6.d5 Nd7 7.Be3 Ngf6 8.Qd2 a6 9.a4 O-O 10.Bd3 
Ne5 11.Nge2 Rb8 12.O-O Bd7 13.Rab1 Qe8 14.Kh1 Bxa4 
{This will be fun!}  15.Nxa4 Qxa4 {I may not win 
but it will be fun!}  16.Rba1 Qb3 17.Rfd1 Nxd3 
18.Qxd3 Qxd3 19.Rxd3 b5 20.cxb5 axb5 21.Ra7 Rfe8 
22.Rda3 b4 23.R3a6 Kf8 24.Rc6 Rec8 25.Rca6 Ne8 
26.Rd7 Rc7 27.Ra7 Rxd7 0-1

[Event "HCL-C204"]
[Site "www.playchess.de"]
[Date "2001.03.07"]
[Round "6"]
[White "Max"]
[Black "surak"]
[WhiteElo "1000"]
[BlackElo "1257"]
[PlyCount "27"]
[Result "1-0"]

1.e4 e6 2.d4 d5 3.e5 c5 4.Nf3 cxd4 5.Nxd4 Nc6 
6.Bb5 Bd7 7.O-O Nxe5 8.Nc3 Bxb5 9.Ncxb5 Bc5 10.Bf4 
Bxd4 11.Qxd4 f6 12.Bxe5 fxe5 13.Qxe5 Qf6 
14.Qxf6 1-0

[Event "HCL-B203"]
[Site "www.playchess.de"]
[Date "2001.03.07"]
[Round "10"]
[White "Pocman"]
[Black "chucaniam"]
[WhiteElo "1429"]
[BlackElo "1500"]
[PlyCount "24"]
[Result "0-1"]

1.e4 e5 2.Nf3 Nc6 3.Bc4 d6 4.d3 Bg4 5.h3 Bh5 6.Nc3 
Nf6 7.Bg5 h6 8.Bxf6 Qxf6 9.Nd5 Qd8 10.Nc3 Nd4 
11.Nxe5 Nxc2+ 12.Kd2 Qg5+ 0-1

[Event "HCL-A086"]
[Site "www.playchess.de"]
[Date "2001.03.07"]
[Round "12"]
[White "gelus"]
[Black "Felix"]
[WhiteElo "1904"]
[BlackElo "1674"]
[PlyCount "41"]
[Result "1-0"]

1.d4 {Hola Felix, como estas ?}  Nf6 {Messages 
don't work well; besides, I don't know spanish...} 
 2.c4 {:-)}  g6 3.Nc3 d5 4.Bf4 Bg7 5.e3 O-O 6.cxd5 
Nxd5 7.Nxd5 Qxd5 8.Bxc7 Nc6 9.Ne2 Bg4 10.f3 Rac8 
11.Nc3 Qe6 12.Bf4 Nxd4 13.fxg4 g5 14.Bxg5 Rfd8 
15.Bd3 Nc6 16.Qc2 Qxg4 17.Bxh7+ Kf8 18.h4 Nb4 
19.Qe2 Qg3+ 20.Kf1 Qe5 21.Rd1 {very complicated 
....}  1-0

[Event "HCL-B202"]
[Site "www.playchess.de"]
[Date "2001.03.07"]
[Round "7"]
[White "LUPES"]
[Black "Translightor"]
[WhiteElo "1783"]
[BlackElo "1472"]
[PlyCount "105"]
[Result "1-0"]

1.d4 {good luck-good Game!}  d5 {Danke, wünsche 
ich Dir auch.}  2.Nf3 e6 3.Bf4 Bd6 4.Bxd6 Qxd6 
5.c3 Nf6 6.e3 O-O 7.Nbd2 Nc6 8.Be2 Ne7 9.O-O Ng6 
10.c4 c5 11.cxd5 Qxd5 12.dxc5 Qxc5 13.Rc1 Qe7 
14.Qc2 Bd7 15.Qc7 Bc6 16.Qxe7 Nxe7 17.Ne5 Bd5 
18.a3 Rac8 19.Bd3 Nc6 20.Ndf3 Rfd8 21.Rfd1 Nxe5 
22.Nxe5 g6 23.h3 Kg7 24.g3 Bb3 25.Rxc8 Rxc8 26.Rd2 
Rc5 27.f4 Nd5 28.Kf2 h5 29.e4 Nb6 30.Be2 Bc2 
31.Ke3 Bb1 32.Rd1 Ba2 33.Rd2 Bb1 34.Nf3 Ba2 35.Nd4 
e5 36.Nb5 a6 37.Nd6 exf4+ 38.gxf4 Be6 39.Nxb7 Rc7 
40.Bxa6 Bxh3 41.Nd6 Rc6 42.Bb5 Rc5 43.a4 Nc8 
44.Ne8+ Kh7 45.Bd7 Bf1 46.Kf2 Ba6 47.b4 Rc3 48.b5 
Bb7 49.a5 Kh6 50.a6 Bxe4 51.Bxc8 Rxc8 52.Nd6 Rc5 
{Und da zieh' ich extra Kh6, damit es keine Gabel 
gibt...}  53.b6 {Ja,ist etwas dumm gelaufen.} 
 1-0

[Event "HCL-A094"]
[Site "www.playchess.de"]
[Date "2001.03.07"]
[Round "3"]
[White "Hubble"]
[Black "anne_t"]
[WhiteElo "1631"]
[BlackElo "1700"]
[PlyCount "37"]
[Result "1-0"]

1.e4 e5 2.Nf3 d6 3.Bc4 Bg4 4.h3 Bxf3 5.Qxf3 Qf6 
6.Qb3 b6 7.Nc3 c6 8.a4 Ne7 9.O-O Nd7 10.d3 g6 
11.f4 Qg7 12.f5 f6 13.Be3 Rb8 14.d4 a5 15.dxe5 
fxe5 16.fxg6 hxg6 17.Rf7 Qh6 18.Bxh6 Kd8 
{overlooked the damn bishop. never give a Q as 
gift. damn u}  19.Bg5 1-0

[Event "HCL-C210"]
[Site "www.playchess.de"]
[Date "2001.03.07"]
[Round "1"]
[White "J-ROD"]
[Black "suez"]
[WhiteElo "1000"]
[BlackElo "1000"]
[PlyCount "38"]
[Result "0-1"]

1.d4 {Hell Iam new to this site}  f5 {Welcome!  
You'll like it.  Only drawback is players who 
refuse to move and leave you stranded.}  2.f4 {how 
long have you been playing?}  Nf6 {At playchess or 
overall?}  3.g3 {yes,I learned a long time ago how 
to play but haven't played in a long time}  e6 {I 
have played since I was 12}  4.a3 {So you should 
known some classics opening in chess or have you 
forgotten them?}  c5 {I have played over hundreds 
Fischer, Morphy and Alekhine games.}  5.e3 {Iam up 
against a worthy opponent}  Nc6 {Time will 
tell...}  6.Ne2 b6 7.Bg2 Bb7 8.Kd2 Ng4 9.Ng1 {Now 
you apply the pressure}  Nf2 {Yes...}  10.Qh5+ 
{Hopefully this move will answer my question}  g6 
{Yes...you were not in check, but your last move 
put me in check.}  11.Qf3 Nxh1 12.Bxh1 {I made a 
mistake on my password that the move I want to 
made so I guess just continue.}  Na5 {What move 
were you trying to make?}  13.Qxb7 {I hate to do 
this}  Nxb7 {Me too}  14.Bxb7 {This is enough for 
tonight sorry}  Rb8 {No problem  ;-)}  15.Ba6 b5 
16.a4 Qa5+ 17.b4 {Looks like you have the upper 
hand}  Qxa6 18.dxc5 Bg7 {Interesting game.}  
19.Bb2 {would you consider a draw.}  Bxb2 {I have 
a superior position...sorry.}  0-1

[Event "HCL-B214"]
[Site "www.playchess.de"]
[Date "2001.03.07"]
[Round "3"]
[White "Think"]
[Black "Erik"]
[WhiteElo "1200"]
[BlackElo "1312"]
[PlyCount "53"]
[Result "1-0"]

1.e4 {Hi Erik, spielst du bei irgendeinem Verein?} 
 e5 {Hallo Claudius. Nein, habe ich auch noch nie. 
Ich spiele derzeit nur eMail-Schach. Viel Glück!}  
2.Nf3 Nc6 3.Bc4 {Ich wünsche dir auch viel Glück!} 
 Bc5 {Das brauche ich auch. :-)}  4.b4 {Ach was, 
ich hoffe es wird ein spannendes Match;-)}  Bxb4 
{Richtig! Hauptsache es wird ein schönes Spiel!}  
5.c3 Bc5 6.d4 exd4 7.O-O {Was denkst du denn, 
welchen Platz du machen wirst?}  dxc3 {Unwichtig. 
Ich versuche nur, nicht letzter zu werden.}  
8.Bxf7+ {Na ja gegen Plobi stehst du ja besser}  
Kxf7 {Noch. (Man kann ja auch stark nachlassen...) 
Sundfar ist stark; komplexe Stellung.}  9.Qd5+ Ke7 
10.Bg5+ Nf6 11.e5 Nxe5 12.Qxe5+ Kf7 13.Qxc5 d6 
14.Qxc3 Re8 15.Nbd2 h6 16.Bxf6 gxf6 17.Rfe1 c6 
18.Rxe8 Qxe8 19.Qd3 Qf8 20.Re1 Kg7 21.Nh4 f5 
22.Qg3+ {Ich hab gegen Sundfar einen totalen 
Sackzug gemacht und stehe jetzt schlechter.}  Kh7 
{Und warum machst Du das hier nicht? ;-)}  23.Qg6+ 
{Na ja diese Partie ist meine letzte Hoffnung!;-)} 
 Kh8 {Dann werde ich mal Deine anderen Partien 
anschauen, ob Du nicht schwindelst! ;-)}  24.Re8 
Qxe8 25.Qxe8+ Kg7 26.Nc4 {Willst du gar nicht 
aufgeben?}  d5 {Bin Masochist...}  27.Nd6 {Dein 
Leiden wird nur noch von kurzer Dauer sein!;-)} 
 1-0

[Event "HCL-B217"]
[Site "www.playchess.de"]
[Date "2001.03.07"]
[Round "1"]
[White "Ciociosan"]
[Black "Yogibear"]
[WhiteElo "1640"]
[BlackElo "1863"]
[PlyCount "60"]
[Result "1/2-1/2"]

1.d4 d5 {Hi Fumi,sayonara and good look for you!}  
2.c4 {Danke schon and lets have a good game!}  e5 
{hi, you speak German very well, greetings to you, 
here in Berlin it is cold, -2 degrees.}  3.dxe5 d4 
4.Nf3 Nc6 5.g3 Bg4 6.Bg2 Qd7 7.O-O O-O-O 8.Qb3 h5 
9.h4 Na5 10.Qb5 Qxb5 11.cxb5 Bxf3 12.Bxf3 Nc4 
13.Bf4 Nxb2 14.Rc1 d3 15.Nc3 dxe2 16.Rc2 Nd3 
17.Bxe2 Nxf4 18.gxf4 Ne7 19.Rac1 Kb8 20.Ne4 Nd5 
21.Ng5 Ba3 22.Nxf7 Bxc1 23.Rxc1 Nxf4 24.Bf1 Ng6 
25.e6 Rhg8 26.Nxd8 Rxd8 {good game from both 
sides! Greetings!}  27.Re1 {Greetings back! Almost 
bedtime here}  Ne7 {Good night, see you tomorrow!} 
 28.Re4 c5 29.bxc6 bxc6 30.Rf4 
Re8 1/2-1/2

[Event "HCL-B217"]
[Site "www.playchess.de"]
[Date "2001.03.07"]
[Round "10"]
[White "janus"]
[Black "Stephen21"]
[WhiteElo "1760"]
[BlackElo "1182"]
[PlyCount "29"]
[Result "1-0"]

1.e4 d5 2.exd5 Qxd5 3.Nc3 Qe5+ 4.Be2 Nc6 5.Nf3 Qe6 
6.d4 Nb4 7.O-O Nf6 8.Ne5 Nbd5 9.Bc4 c6 10.Qf3 Qg4 
11.Nxg4 Bxg4 12.Qg3 e6 13.Bxd5 cxd5 14.Qc7 Bb4 
15.Qxb7 1-0

[Event "ACL-A114"]
[Site "www.playchess.de"]
[Date "2001.03.07"]
[Round "2"]
[White "pgschumy"]
[Black "Yogibear"]
[WhiteElo "1403"]
[BlackElo "1819"]
[PlyCount "35"]
[Result "1/2-1/2"]

1.e4 {Hi!}  c6 {hello-have a nice game!}  2.d4 d5 
3.e5 Bf5 4.Bd3 Bxd3 5.Qxd3 e6 6.Nf3 Qa5+ 7.Bd2 Qa6 
8.Qxa6 Nxa6 9.a3 Ne7 10.Nc3 Ng6 11.O-O c5 12.Be3 
cxd4 13.Bxd4 Bc5 14.Nb5 Bxd4 15.Nbxd4 Nc5 16.Nb5 
O-O 17.Nd6 Nd7 18.Rfe1 1/2-1/2

[Event "HCL-B095"]
[Site "www.playchess.de"]
[Date "2001.03.07"]
[Round "5"]
[White "traga"]
[Black "DTG007"]
[WhiteElo "1200"]
[BlackElo "1006"]
[PlyCount "41"]
[Result "1-0"]

1.e4 c5 2.Nf3 Nc6 3.Bb5 Nd4 4.Nxd4 cxd4 5.c3 a6 
6.Bc4 b5 7.Bxf7+ Kxf7 8.Qh5+ g6 9.Qd5+ e6 10.Qxa8 
dxc3 11.dxc3 Bc5 12.Bf4 Qf6 13.Qxc8 Bxf2+ 14.Kxf2 
Qxf4+ 15.Ke2 Qxe4+ 16.Kd1 Qxg2 17.Re1 Qxb2 18.Rf1+ 
Nf6 19.Qxd7+ Kf8 20.Rxf6+ Kg8 21.Qf7+ 1-0

[Event "HCL-B095"]
[Site "www.playchess.de"]
[Date "2001.03.07"]
[Round "9"]
[White "Gruhni"]
[Black "Gorodish"]
[WhiteElo "1431"]
[BlackElo "1789"]
[PlyCount "42"]
[Result "1/2-1/2"]

1.e4 e6 2.d4 d5 3.e5 c5 4.Nf3 cxd4 5.Qxd4 Nc6 
6.Qd1 Nge7 7.Bd3 Qc7 8.Qe2 Bd7 9.O-O Ng6 10.Bxg6 
hxg6 11.c3 Be7 12.g3 Rh5 13.Re1 Rc8 14.h4 Na5 
15.Bf4 a6 16.Nbd2 Bb5 17.Qd1 Nc4 18.Nxc4 dxc4 
19.Qe2 Ba4 20.Nd2 Bc2 21.Nf3 Ba4 1/2-1/2

[Event "HCL-A028"]
[Site "www.playchess.de"]
[Date "2001.03.08"]
[Round "32"]
[White "kron"]
[Black "Aussie_3340"]
[WhiteElo "1900"]
[BlackElo "1767"]
[PlyCount "43"]
[Result "1-0"]

1.d4 Nf6 2.c4 g6 3.Nc3 Bg7 4.e4 O-O 5.Nf3 d6 6.Be2 
e5 7.d5 c5 8.Bg5 h6 9.Bd2 b6 10.h3 Ne8 11.g4 a6 
12.Qc1 Kh7 13.Nh2 Nd7 14.g5 h5 15.f4 exf4 16.Bxf4 
Qe7 17.Qe3 Bd4 18.Qd3 Ne5 19.Qg3 Nxc4 20.O-O-O Ne5 
21.Ng4 Rb8 22.Qh4 1-0

[Event "HCL-B121"]
[Site "www.playchess.de"]
[Date "2001.03.08"]
[Round "13"]
[White "Eyechess"]
[Black "Simka"]
[WhiteElo "1500"]
[BlackElo "1200"]
[PlyCount "80"]
[Result "0-1"]

1.e4 c5 2.Nf3 e6 3.c3 d5 4.exd5 Qxd5 5.Na3 Nf6 
6.d4 cxd4 7.Nb5 Na6 8.Nbxd4 Nc5 9.Be2 Be7 10.O-O 
O-O 11.Nb5 Bd7 12.Qxd5 Nxd5 13.Ne5 Bxb5 14.Bxb5 
Rfd8 15.Be2 Bd6 16.Nd3 Rd7 17.Rd1 Nxd3 18.Bxd3 
Rad8 19.Bc2 a6 20.g3 h6 21.Ba4 b5 22.Bb3 Bc5 23.a4 
b4 24.Bc4 bxc3 25.Bxa6 Nb4 26.Rxd7 Rxd7 27.Bf1 Rd1 
28.bxc3 Nd3 29.a5 Rxc1 30.Rxc1 Nxc1 31.Bc4 Kf8 
32.Kf1 Ke7 33.Ke1 Kd6 34.Kd2 Ba3 35.a6 Kc7 36.Bb5 
Nb3+ 37.Kc2 Nc5 38.c4 Kb6 39.f3 g5 40.g4 
Nxa6 0-1

[Event "HCL-B135"]
[Site "www.playchess.de"]
[Date "2001.03.08"]
[Round "36"]
[White "Sturk"]
[Black "Deppenhaufen"]
[WhiteElo "1635"]
[BlackElo "1500"]
[PlyCount "43"]
[Result "1/2-1/2"]

1.e4 e6 2.d4 d5 3.Nc3 Nf6 4.Bg5 dxe4 5.Nxe4 Be7 
6.Bxf6 gxf6 7.Nf3 a6 8.Bd3 b5 9.Qe2 Bb7 10.O-O Rg8 
11.Rad1 Qd5 12.a3 Qh5 13.Ng3 Bxf3 14.gxf3 f5 
15.Kh1 Qh4 16.Rfg1 Qf6 17.d5 exd5 18.Nxf5 Rxg1+ 
19.Rxg1 Kd7 20.b4 Nc6 21.Re1 Re8 
22.Qe3 1/2-1/2

[Event "HCL-C120"]
[Site "www.playchess.de"]
[Date "2001.03.08"]
[Round "8"]
[White "ROB"]
[Black "Petra"]
[WhiteElo "1000"]
[BlackElo "1182"]
[PlyCount "77"]
[Result "1-0"]

1.e4 d6 2.d4 Nf6 3.Nc3 g6 4.h3 Bg7 5.Nf3 O-O 6.Bc4 
Be6 7.Bb3 Bxb3 8.axb3 Nc6 9.O-O e5 10.d5 Nd4 
11.Nxd4 exd4 12.Qxd4 c6 13.b4 cxd5 14.exd5 Nd7 
15.Qd1 Re8 16.Ne2 Qe7 17.Be3 Bxb2 18.Rxa7 Rxa7 
19.Bxa7 Qxe2 20.Qb1 Qe5 21.c4 Qe2 22.Be3 Ne5 
23.Re1 Qxc4 24.Qxb2 Nd3 25.Qe2 Ne5 26.Qxc4 Nxc4 
27.g4 Nb6 28.Rd1 Re5 29.Bxb6 f5 30.Bc7 fxg4 
31.Bxd6 Rg5 32.h4 Rf5 33.Bg3 Kf8 34.d6 Ke8 35.d7+ 
Kd8 36.Bc7+ Ke7 37.d8Q+ {%}  Kf7 38.Rd7+ Ke6 
39.Qe7+ 1-0

[Event "HCL-C133"]
[Site "www.playchess.de"]
[Date "2001.03.08"]
[Round "11"]
[White "Herremanden"]
[Black "waxneedles"]
[WhiteElo "1200"]
[BlackElo "815"]
[PlyCount "34"]
[Result "0-1"]

1.d4 e6 2.e4 d5 3.exd5 exd5 4.Bb5+ c6 5.Qe2+ Be6 
6.Bd3 Nf6 7.Bg5 h6 8.Bh4 Be7 9.Qe5 Nbd7 10.Qg3 g5 
11.Bxg5 hxg5 12.Qxg5 Rg8 13.Qh6 Rxg2 14.Nh3 Ng4 
15.Qh8+ Nf8 16.Kf1 Bf6 17.Qh5 Rxh2 0-1

[Event "HCL-C146"]
[Site "www.playchess.de"]
[Date "2001.03.08"]
[Round "14"]
[White "pajala"]
[Black "Chill"]
[WhiteElo "1174"]
[BlackElo "466"]
[PlyCount "37"]
[Result "1-0"]

1.e4 c5 2.d4 cxd4 3.Qxd4 Nc6 4.Qe3 e6 5.Nf3 Nge7 
6.Bd2 Ng6 7.Nc3 Be7 8.O-O-O a6 9.Bd3 b5 10.a3 Bb7 
11.b4 a5 12.Nxb5 axb4 13.Bxb4 Nxb4 14.axb4 Bxb4 
15.Bc4 Qa5 16.Qd4 O-O 17.Qb2 Bc6 18.Nfd4 Ne5 
19.c3 1-0

[Event "HCL-B152"]
[Site "www.playchess.de"]
[Date "2001.03.08"]
[Round "19"]
[White "Morpheus"]
[Black "Steve_Jackson"]
[WhiteElo "1328"]
[BlackElo "1200"]
[PlyCount "38"]
[Result "0-1"]

1.e4 e5 2.Nf3 d6 3.d4 Bd7 4.dxe5 f5 5.exf5 Bxf5 
6.exd6 Qxd6 7.Qxd6 cxd6 8.Bb5+ Bd7 9.Bxd7+ Nxd7 
10.O-O O-O-O 11.Re1 Ngf6 12.c4 d5 13.Nbd2 Nc5 
14.cxd5 Nxd5 15.Re5 b6 16.Ne4 Nd3 17.Nfg5 Nxe5 
18.Bd2 h6 19.Rc1+ Kb8 0-1

[Event "HCL-E023"]
[Site "www.playchess.de"]
[Date "2001.03.08"]
[Round "7"]
[White "Merscheid"]
[Black "houtduwer"]
[WhiteElo "2289"]
[BlackElo "1987"]
[PlyCount "60"]
[Result "1/2-1/2"]

1.e4 e5 2.Nf3 Nc6 3.Bc4 Nf6 4.Ng5 d5 5.exd5 Nd4 
6.c3 b5 7.cxd4 bxc4 8.dxe5 Qxd5 9.O-O Bb7 10.Nf3 
Ng4 11.Nc3 Qc6 12.Qe2 O-O-O 13.h3 h5 14.Ne1 f5 
15.b3 Re8 16.hxg4 hxg4 17.d4 cxd3 {I think I'll 
play on a little more.}  18.Qxd3 Rxe5 19.Bf4 Rxe1 
20.Qxf5+ Kb8 21.Qxg4 Rxa1 22.Rxa1 Rh4 23.Bxc7+ 
Kxc7 24.Qg3+ Kc8 25.Nb5 Bc5 26.b4 Rxb4 27.Qh3+ Kb8 
28.Qg3+ Kc8 29.Qh3+ Kd8 30.Qh8+ 
Kd7 1/2-1/2

[Event "HCL-B174"]
[Site "www.playchess.de"]
[Date "2001.03.08"]
[Round "14"]
[White "rafita"]
[Black "Bauernopfer"]
[WhiteElo "1365"]
[BlackElo "1325"]
[PlyCount "45"]
[Result "1-0"]

1.d4 {hello and good luck!}  d5 {Good luck, too}  
2.c4 dxc4 3.Nf3 Nf6 {.}  4.e3 Bg4 5.Bxc4 e6 6.Qb3 
Bxf3 7.gxf3 b6 8.Nc3 Bd6 9.e4 Be7 10.e5 Nh5 11.d5 
c6 12.dxe6 fxe6 13.Bxe6 Qc7 14.f4 Rf8 15.Qc4 g6 
16.Be3 Bd8 17.O-O-O a6 18.Ne4 Be7 19.Nd6+ Bxd6 
20.exd6 Qa7 {Sorry for waiting so long, but I´m 
only online weekdays between 8.00 - 16.00 
German-time.}  21.d7+ {that is OK with me, no 
problem}  Kd8 {You always move one or two hours 
after I leave the internet}  22.f5 {well, it is 
only 10am here in Mexico now}  Nf6 {.}  
23.Bh6 1-0

[Event "HCL-A078"]
[Site "www.playchess.de"]
[Date "2001.03.08"]
[Round "14"]
[White "chessnut"]
[Black "eastman"]
[WhiteElo "2020"]
[BlackElo "1700"]
[PlyCount "73"]
[Result "1-0"]

1.c4 c5 2.g3 Nf6 3.Bg2 e6 4.Nf3 Be7 5.O-O O-O 6.b3 
d5 7.Bb2 d4 8.e3 Nc6 9.exd4 cxd4 10.Re1 Re8 11.d3 
Bb4 12.Nbd2 e5 13.a3 Ba5 14.b4 Bc7 15.Qe2 Bg4 
16.h3 Bh5 17.g4 Bg6 {Why you dislike my little 
poor bishop?}  18.Nh4 Rb8 {A draw is the right 
one. ;)}  19.Nxg6 {It's too early for a draw! :)}  
hxg6 {Ok. It's your wish...}  20.Nb3 Qd6 {I see 
your nice idea, but it doesn't work. ;)}  21.Qf3 
{It doesn't hurt to try!?}  Nd8 {I can play chess, 
not fly!?}  22.g5 Nh5 23.Nxd4 Nf4 24.Nb5 Qd7 {I'm 
to young to die!}  25.Re4 Nc6 {I would better be 
white! But that's the game.}  26.Nxc7 Qxc7 27.Bxe5 
Nxh3+ {Check!}  28.Qxh3 Rxe5 29.Rh4 Kf8 30.d4 Rxg5 
31.Rh8+ {Check to you!}  Ke7 {A Kingslife isn't 
easy!}  32.Re1+ {I agree with you!}  Kf6 {I'm 
singing in the rain, I'm walkin in the rain...}  
33.Rxb8 {Be careful playing in the rain! You could 
be struck by lightning!!}  Nxb8 {Thunder, 
lightning I'll never dying! I will survive!}  
34.Qh4 Qxc4 {my last try not to die!}  35.f4 Qxd4+ 
36.Kh2 Qd2 {Bye...bye!!! Was a nice game! ;)}  
37.Qxg5+ 1-0

[Event "HCL-A079"]
[Site "www.playchess.de"]
[Date "2001.03.08"]
[Round "5"]
[White "One_i"]
[Black "celle"]
[WhiteElo "1600"]
[BlackElo "1700"]
[PlyCount "39"]
[Result "1-0"]

1.d4 d5 2.Nf3 {hello, good luck to you from 
Canada}  Nc6 3.Bf4 Bg4 {good luck to you from 
Germany}  4.c3 Nf6 5.Nbd2 e6 6.e3 Be7 7.Be2 {it's 
too soon to draw yet}  Qd7 8.Ne5 Nxe5 9.Bxe5 Bxe2 
10.Qxe2 O-O 11.O-O Rac8 12.f4 c5 13.g4 Nxg4 
14.Qxg4 f6 15.Nf3 fxe5 16.Nxe5 Qd6 17.Rf3 Bf6 
18.Raf1 a6 19.Rh3 Bxe5 20.fxe5 1-0